[Event "Druzynowe Mistrzostwa Polski Seniorow - II Liga"]
[Site "Szczyrk, CKiR Orle Gniazdo ul. Wrzosowa 28a "]
[Date "1899-12-30"]
[Round "1.1"]
[White "Steczek, Marcin"]
[Black "Cyborowski, Lukasz"]
[Result "1/2-1/2"]
[WhiteTitle "FM"]
[BlackTitle "GM"]
[WhiteElo "2363"]
[BlackElo "2511"]

1. e3 g6 2. Nf3 Bg7 3. d4 Nf6 4. b3 c5 5. Bb2 cxd4 6. exd4 O-O 7. Be2 Nc6 8. O-O
d5 9. Nbd2 Bf5 10. a3 Rc8 11. Rc1 Ne4 12. b4 Bh6 13. Ra1 Nd6 14. c3 Bg7 15. Qb3
Ne4 16. Rfd1 Nxd2 17. Rxd2 Bg4 18. a4 e6 19. a5 Bxf3 20. Bxf3 Ne7 21. b5 Nf5 22.
Ra4 Qg5 23. Rd3 Rfd8 24. c4 dxc4 25. Rxc4 Rxc4 26. Qxc4 b6 27. axb6 axb6 28. Bc1
Qe7 29. d5 Nd6 30. Ba3 e5 31. Bxd6 Rxd6 32. g3 Bf8 33. Rd1 Qf6 34. Kg2 Rd8 35.
Qc6 Rd6 36. Qc8 Kg7 37. Rc1 Rd8 38. Qc6 Rd6 39. Qc8 Rd8 40. Qc6 Rd6 41. Qc4 Rd8
1/2-1/2

[Event "Druzynowe Mistrzostwa Polski Seniorow - II Liga"]
[Site "Szczyrk, CKiR Orle Gniazdo ul. Wrzosowa 28a "]
[Date "1899-12-30"]
[Round "1.2"]
[White "Nurkiewicz, Maciej"]
[Black "Meczynski, Waldemar"]
[Result "1-0"]
[WhiteTitle "m"]
[BlackTitle "k"]
[WhiteElo "2372"]
[BlackElo "2140"]

1. e4 c5 2. Nf3 e6 3. d4 cxd4 4. Nxd4 Nf6 5. Nc3 Nc6 6. Ndb5 d6 7. Bf4 e5 8. Bg5
a6 9. Na3 b5 10. Bxf6 gxf6 11. Nd5 Bg7 12. Bd3 Ne7 13. Nxe7 Qxe7 14. c4 f5 15.
O-O O-O 16. Qh5 bxc4 17. Nxc4 d5 18. exd5 e4 19. Be2 Rb8 20. Rad1 Bxb2 21. d6
Qf6 22. d7 Bb7 23. Nxb2 Qxb2 24. d8=Q 1-0

[Event "Druzynowe Mistrzostwa Polski Seniorow - II Liga"]
[Site "Szczyrk, CKiR Orle Gniazdo ul. Wrzosowa 28a "]
[Date "1899-12-30"]
[Round "1.3"]
[White "Smagalski, Slawomir"]
[Black "Protaziuk, Grzegorz"]
[Result "0-1"]
[WhiteTitle "I+"]
[BlackTitle "m"]
[WhiteElo "1973"]
[BlackElo "2367"]

1. Nf3 Nf6 2. c4 c5 3. g3 d5 4. Bg2 Nc6 5. O-O d4 6. d3 e6 7. e3 Be7 8. Na3 O-O
9. Rb1 dxe3 10. Bxe3 Ng4 11. Nc2 Nxe3 12. fxe3 e5 13. a3 Be6 14. Qe2 a5 15. Nd2
Qd7 16. Ne4 Rad8 17. Rbd1 Bf5 18. Qf2 Bg6 19. Nc3 f5 20. Nd5 Bd6 21. Qd2 Qe8 22.
b4 axb4 23. axb4 cxb4 24. Ncxb4 Kh8 25. Kh1 Bh5 26. Rb1 Bg4 27. Na2 Rd7 28. Nac3
Qh5 29. Qe1 Nd8 30. Nb5 Be2 31. Nxd6 Bxf1 32. Qxf1 Rxd6 33. c5 Rh6 34. h3 Qg5
35. Kh2 Rg6 36. Qf2 Ne6 37. d4 exd4 38. exd4 f4 39. Nxf4 Nxf4 40. gxf4 Rxf4 41.
Rxb7 h6 42. Rb8+ Kh7 43. Qa2 Qg3+ 44. Kg1 Qe1+ 45. Kh2 Rxg2+ 46. Kxg2 Qf1+ 47.
Kg3 Rf3+ 48. Kg4 Qxh3# 0-1

[Event "Druzynowe Mistrzostwa Polski Seniorow - II Liga"]
[Site "Szczyrk, CKiR Orle Gniazdo ul. Wrzosowa 28a "]
[Date "1899-12-30"]
[Round "1.4"]
[White "Sliwerski, Radoslaw"]
[Black "Swiatnicki, Andrzej"]
[Result "1/2-1/2"]
[WhiteTitle "k++"]
[BlackTitle "k"]
[WhiteElo "2118"]
[BlackElo "2105"]

1. d4 d5 2. c4 c6 3. cxd5 cxd5 4. Nc3 Nc6 5. Bf4 Nf6 6. e3 Bg4 7. Qb3 Na5 8. Bb5+
Bd7 9. Qa4 Nc6 10. Qb3 e6 11. Nf3 Be7 12. h3 Rc8 13. O-O h6 14. Ne5 O-O 15. Rac1
Nxe5 16. Bxe5 Bxb5 17. Qxb5 b6 18. Qa6 Bd6 19. Bxd6 Qxd6 20. Nxd5 Rxc1 21. Nxf6+
gxf6 22. Rxc1 Qd7 23. a4 Rd8 24. Qc4 Kg7 25. Qc7 f5 26. Qe5+ Kg8 27. Qg3+ Kf8
28. a5 bxa5 29. Rc7 Qd6 30. Qxd6+ Rxd6 31. Rxa7 Rb6 32. Rxa5 Rxb2 33. g3 Rd2 34.
Ra7 Kg7 35. Kg2 Kf6 36. g4 f4 37. Kf3 fxe3 38. Kxe3 Rd1 39. Ra5 Re1+ 40. Kf4 Rd1
41. Ra4 Rh1 42. Kg3 Rg1+ 43. Kf3 Rh1 44. Kg2 Rd1 45. h4 Rd3 46. f3 h5 47. Kg3
hxg4 48. Kxg4 Kg6 49. Rb4 Rd1 50. Ra4 Rg1+ 51. Kf4 Rh1 52. Kg3 Rg1+ 53. Kf2 Rh1
54. d5 exd5 55. Rd4 Kh5 56. Rxd5+ Kxh4 57. Rf5 Ra1 58. Rxf7 Kg5 59. Rb7 Kf4 60.
Rb4+ Kf5 61. Rb8 Kf4 62. Rf8+ Kg5 63. Kg2 Rb1 64. Ra8 Kf4 65. Ra4+ Kf5 66. Kg3
Rg1+ 67. Kf2 Rb1 68. f4 Rb3 69. Rd4 Ra3 1/2-1/2

[Event "Druzynowe Mistrzostwa Polski Seniorow - II Liga"]
[Site "Szczyrk, CKiR Orle Gniazdo ul. Wrzosowa 28a "]
[Date "1899-12-30"]
[Round "1.5"]
[White "Smagalski, Jaroslaw"]
[Black "Delega, Tomasz"]
[Result "0-1"]
[WhiteTitle "I"]
[BlackTitle "CM"]
[WhiteElo "1908"]
[BlackElo "2090"]

1. e4 Nf6 2. e5 Nd5 3. c4 Nb6 4. c5 Nd5 5. Nc3 Nxc3 6. dxc3 e6 7. Bf4 Nc6 8. Bb5
g5 9. Bxc6 bxc6 10. Be3 Bg7 11. Nf3 g4 12. Ng5 Bxe5 13. Qxg4 h5 14. Qf3 Qf6 15.
O-O Ba6 16. Rfe1 Qxf3 17. Nxf3 Bg7 18. Bf4 Rb8 19. Re4 Rb7 20. Rd1 f5 21. Re3
Rxb2 22. Be5 Rg8 23. c4 Rxa2 24. Rb3 Ke7 25. Rbd3 Bc8 26. Bxc7 Bf6 27. h3 Rg7
28. Rb3 Ba6 29. Rb8 Bxc4 30. Bd8+ Kf7 31. Rxd7+ Kg6 32. Rxg7+ Kxg7 33. Rb7+ Kg6
34. Bc7 Bd5 35. Ne5+ Bxe5 36. Bxe5 Re2 37. Bd6 a5 38. Rb1 a4 39. Ra1 Bb3 40. Kf1
Rc2 41. Kg1 Kf6 42. f4 Kf7 43. Ra3 Ke8 44. Kh2 Rc3 45. Ra1 Kd7 46. Rf1 Kc8 47.
Rf3 Rxf3 48. gxf3 a3 49. Kg3 Bd1 50. h4 Kb7 51. Kf2 Ka6 52. Ke1 Bxf3 53. Kd2 a2
54. Be5 Kb5 55. Kc2 Kxc5 56. Kb2 Bd5 57. Bf6 Bc4 58. Be5 Kd5 59. Bg7 Ke4 60. Bh6
Kf3 61. Bg5 Kg4 62. Ka1 Kg3 63. Kb2 Bd5 64. Ka1 e5 65. fxe5 f4 66. Kb2 f3 67.
Be3 f2 0-1

[Event "Druzynowe Mistrzostwa Polski Seniorow - II Liga"]
[Site "Szczyrk, CKiR Orle Gniazdo ul. Wrzosowa 28a "]
[Date "1899-12-30"]
[Round "1.6"]
[White "Bartel, Marta"]
[Black "Bukowska, Katarzyna"]
[Result "1-0"]
[WhiteTitle "WGM"]
[BlackTitle "k++"]
[WhiteElo "2379"]
[BlackElo "1887"]

1. Nf3 d5 2. c4 e6 3. g3 Nf6 4. Bg2 Be7 5. O-O O-O 6. d4 b6 7. cxd5 exd5 8. Nc3
Bb7 9. Bf4 Nbd7 10. Rc1 c5 11. Qb3 cxd4 12. Nxd4 Nc5 13. Qd1 Nce4 14. Bh3 Bc5
15. Qd3 a5 16. Ncb5 Ba6 17. Qf3 Bxb5 18. Nxb5 Qe7 19. Rcd1 h6 20. Nd4 Ng5 21.
Bxg5 hxg5 22. e3 Qe4 23. Qe2 g4 24. Bg2 Qe5 25. Rd3 Rac8 26. Rfd1 Rfd8 27. h3
Bxd4 28. Rxd4 gxh3 29. Bxh3 Rc5 30. Qd3 Re8 31. Bg2 Rec8 32. Bf3 g6 33. a4 Kg7
34. Qb3 Qe6 35. Rh4 Rh8 36. Rxh8 Kxh8 37. Kg2 Kg7 38. Rd4 g5 39. Qd1 Qe5 40. Qb3
Qe6 41. Qd1 Qe5 42. Qd3 Qe6 43. b4 axb4 44. Rxb4 g4 45. Be2 Ne4 46. Qd4+ Kg6 47.
Bd3 f5 48. Bxe4 dxe4 49. Qd8 Rc6 50. a5 bxa5 51. Rb8 Qf6 52. Qg8+ Qg7 53. Qe8+
1-0

[Event "Druzynowe Mistrzostwa Polski Seniorow - II Liga"]
[Site "Szczyrk, CKiR Orle Gniazdo ul. Wrzosowa 28a "]
[Date "1899-12-30"]
[Round "1.7"]
[White "Koziak, Vitali"]
[Black "Laszewicz, Pawel"]
[Result "1-0"]
[WhiteTitle "IM"]
[BlackTitle "k"]
[WhiteElo "2472"]
[BlackElo "2103"]

1. d4 Nf6 2. c4 e6 3. Nf3 d5 4. Nc3 Bb4 5. Qa4+ Nc6 6. e3 O-O 7. Bd2 Re8 8. a3
Bxc3 9. Bxc3 Ne4 10. Rc1 Nxc3 11. Rxc3 Bd7 12. cxd5 Ne7 13. Bb5 Bxb5 14. Qxb5
Nxd5 15. Rc2 Rb8 16. O-O c6 17. Qe2 Qd6 18. Rfc1 Rbd8 19. g3 Ne7 20. Nd2 Ng6 21.
Ne4 Qd5 22. Nc5 e5 23. Nxb7 exd4 24. Rc5 Qe4 25. Nxd8 Rxd8 26. Rxc6 d3 27. Qd1
h6 28. R6c4 Qa8 29. f4 Qb7 30. R1c3 Rd6 31. Rxd3 Nh4 32. e4 Qb6+ 33. Kh1 Qf2 34.
gxh4 Rg6 35. Rd2 1-0

[Event "Druzynowe Mistrzostwa Polski Seniorow - II Liga"]
[Site "Szczyrk, CKiR Orle Gniazdo ul. Wrzosowa 28a "]
[Date "1899-12-30"]
[Round "1.8"]
[White "Machlowski, Slawomir"]
[Black "Zeberski, Jakub"]
[Result "0-1"]
[WhiteTitle "I+"]
[BlackTitle "IM"]
[WhiteElo "2118"]
[BlackElo "2329"]

1. g3 c5 2. Nf3 Nc6 3. d4 cxd4 4. Nxd4 g6 5. c4 Bg7 6. Nc2 Nf6 7. Bg2 O-O 8. Nc3
d6 9. O-O Bd7 10. Bd2 Qc8 11. Re1 Bh3 12. Bh1 Ng4 13. e4 Nd4 14. Nd5 Qd7 15. Bc3
Nxc2 16. Qxc2 Ne5 17. f4 Nc6 18. Bxg7 Kxg7 19. Qc3+ f6 20. Rad1 Be6 21. c5 Rad8
22. cxd6 exd6 23. Bg2 Qf7 24. a3 Rd7 25. Re3 Rc8 26. Qe1 Ne7 27. Nc3 Rc5 28. b4
Rc4 29. Bf1 Rc8 30. Nb5 Rcd8 31. Nd4 Nc6 32. Bb5 Nxd4 33. Rxd4 Rc7 34. Rc3 Rdc8
35. Rdd3 Bh3 36. Qc1 Qa2 37. Rxc7+ Rxc7 38. Qd2 Rc2 39. Qe1 0-1

[Event "Druzynowe Mistrzostwa Polski Seniorow - II Liga"]
[Site "Szczyrk, CKiR Orle Gniazdo ul. Wrzosowa 28a "]
[Date "1899-12-30"]
[Round "1.9"]
[White "Rutkowski, Maciej"]
[Black "Gromczak, Dariusz"]
[Result "1-0"]
[WhiteTitle "IM"]
[BlackTitle "I+"]
[WhiteElo "2381"]
[BlackElo "2027"]

1. e4 c5 2. Nf3 e6 3. d4 cxd4 4. Nxd4 Nc6 5. Nc3 Qc7 6. Ndb5 Qb8 7. Be3 a6 8. Bb6
axb5 9. Nxb5 Bb4+ 10. c3 Ba5 11. Nc7+ Qxc7 12. Bxc7 Bxc7 13. Qg4 g6 14. Bb5 Nge7
15. O-O O-O 16. f4 d5 17. e5 d4 18. Rf3 f5 19. Qh4 Bd7 20. c4 Nc8 21. a4 N8a7
22. Rd1 Bd8 23. Qe1 Be7 24. Kh1 Bc5 25. Rb1 Nxb5 26. axb5 Nb4 27. Rb3 Ra4 28.
h4 b6 29. h5 Nc2 30. Qd1 Nb4 31. hxg6 hxg6 32. Rg3 Raa8 33. Rxg6+ Kf7 34. Qh5
Ke7 35. Qh4+ Ke8 36. Rd1 d3 37. Rg7 Ra2 38. Qh3 Rxb2 39. Qh7 Bc8 40. Rc7 Kd8 41.
Ra1 Na6 42. bxa6 Rh8 1-0

[Event "Druzynowe Mistrzostwa Polski Seniorow - II Liga"]
[Site "Szczyrk, CKiR Orle Gniazdo ul. Wrzosowa 28a "]
[Date "1899-12-30"]
[Round "1.10"]
[White "Pyka, Roman"]
[Black "Dobrowolski, Aleksander"]
[Result "0-1"]
[WhiteTitle "I++"]
[BlackTitle "m"]
[WhiteElo "2074"]
[BlackElo "2248"]

1. Nf3 Nf6 2. c4 g6 3. g3 Bg7 4. Bg2 O-O 5. O-O c5 6. d4 d6 7. Nc3 Nc6 8. d5 Na5
9. Nd2 Rb8 10. e4 a6 11. a4 e6 12. Qc2 exd5 13. cxd5 b5 14. axb5 axb5 15. h3 Re8
16. Rb1 b4 17. Nd1 Ba6 18. Ne3 b3 19. Qd1 Bxf1 20. Qxf1 Rb4 21. Ra1 c4 22. e5
dxe5 23. Nb1 e4 24. Bd2 Rb5 25. Nc3 Rc5 26. Ra4 Nc6 27. Rxc4 Rxc4 28. Qxc4 Ne5
29. Qxb3 Qb8 30. Qc2 Nd3 31. Nxe4 Nxe4 32. Bxe4 Nxb2 33. Bg2 Rc8 34. Qe4 Qe5 35.
Qb4 Nd3 36. Qe4 Qxe4 37. Bxe4 Nc5 38. Bg2 Nb7 39. h4 Nd6 40. Bb4 Rc1+ 41. Kh2
Bf8 42. Bf3 Nb5 43. Bxf8 Kxf8 44. g4 h6 45. Kg2 Nd4 46. Be4 Ke7 47. h5 g5 48.
Nf5+ Nxf5 49. Bxf5 Kd6 50. Be4 Ke5 51. f3 Kf4 52. Kf2 Rd1 53. Ke2 Rd4 54. Kf2
Rd2+ 55. Kf1 Ke3 56. Kg1 Rd4 57. Kg2 Rd1 58. Kg3 Rd2 59. Kh3 Kf4 0-1

[Event "Druzynowe Mistrzostwa Polski Seniorow - II Liga"]
[Site "Szczyrk, CKiR Orle Gniazdo ul. Wrzosowa 28a "]
[Date "1899-12-30"]
[Round "1.11"]
[White "Pankiewicz, Tomasz"]
[Black "Szydelko, Marcin"]
[Result "1-0"]
[WhiteTitle "k"]
[BlackTitle "I+"]
[WhiteElo "2268"]
[BlackElo "1952"]

1. d4 Nf6 2. Nf3 e6 3. Bf4 c5 4. e3 d5 5. c3 Nc6 6. Nbd2 a6 7. Bd3 Be7 8. Ne5 Nxe5
9. dxe5 Nd7 10. h4 h5 11. g4 Qc7 12. gxh5 Nxe5 13. Be2 Bd7 14. Qb3 O-O-O 15. O-O-O
Bd6 16. Rhg1 Rhg8 17. h6 gxh6 18. Bxh6 Qa5 19. c4 b5 20. Rxg8 Rxg8 21. Ne4 Be7
22. cxd5 c4 23. Qc3 Qxc3+ 24. bxc3 exd5 25. Rxd5 Ba3+ 26. Kd2 Rg1 27. Rxe5 Ra1
28. Bd1 Rxa2+ 29. Bc2 Kb7 30. Nc5+ Bxc5 31. Rxc5 Kb6 32. Bf8 a5 33. Kc1 Ra1+ 34.
Kb2 Rf1 35. Rd5 Be6 36. Rd2 Rh1 37. Be7 b4 38. cxb4 axb4 39. Bxb4 Rxh4 40. Bc3
Rh5 41. Bd4+ Kb5 42. Kc3 Bg4 43. Be4 Be6 44. Rb2+ Ka5 45. Bb7 Bd7 46. Kxc4 Bb5+
47. Kc3 Bd7 48. Bb6+ Ka4 49. Bf3 1-0

[Event "Druzynowe Mistrzostwa Polski Seniorow - II Liga"]
[Site "Szczyrk, CKiR Orle Gniazdo ul. Wrzosowa 28a "]
[Date "1899-12-30"]
[Round "1.12"]
[White "Korosciel, Aneta"]
[Black "Starczewska, Dominika"]
[Result "0-1"]
[WhiteTitle "m"]
[BlackTitle "k"]
[WhiteElo "2060"]
[BlackElo "2008"]

1. e4 c5 2. b3 Nc6 3. Bb2 d6 4. f4 e5 5. Nf3 Bg4 6. Bb5 Rc8 7. O-O exf4 8. Qe1
Nge7 9. Nc3 a6 10. Bxc6+ bxc6 11. h3 Bxf3 12. Rxf3 Ng6 13. Qf1 Be7 14. Qxa6 Bf6
15. Na4 Bxb2 16. Nxb2 O-O 17. Qf1 Qf6 18. Nd3 Qd4+ 19. Kh1 Qxe4 20. c3 Ne5 21.
Nxe5 dxe5 22. Re1 Qd5 23. Qe2 f6 24. Rd3 Qe6 25. Qe4 Rce8 26. Rf3 f5 27. Qe2 Qd6
28. Qc4+ Kh8 29. Rd3 Qe7 30. Rf3 Qh4 31. Qf1 g5 32. Qf2 Qxf2 33. Rxf2 Kg7 34.
Kg1 Kf6 35. Rfe2 h5 36. d4 cxd4 37. cxd4 e4 38. Rc2 Re6 39. Rec1 Rd8 40. Rxc6
Rxd4 41. Rc8 g4 42. Rf8+ Kg5 43. hxg4 hxg4 44. Kf1 e3 45. Rg8+ Kh4 46. Rf8 Re5
47. a4 Kg3 48. Rfc8 f3 49. gxf3 gxf3 50. Rg8+ Rg4 0-1

[Event "Druzynowe Mistrzostwa Polski Seniorow - II Liga"]
[Site "Szczyrk, CKiR Orle Gniazdo ul. Wrzosowa 28a "]
[Date "1899-12-30"]
[Round "1.13"]
[White "Witek, Tomasz"]
[Black "Jakubiec, Artur"]
[Result "0-1"]
[WhiteTitle "k"]
[BlackTitle "GM"]
[WhiteElo "2078"]
[BlackElo "2535"]

1. d4 Nf6 2. c4 d6 3. Nc3 e5 4. Nf3 Nbd7 5. dxe5 dxe5 6. Bg5 c6 7. e4 h6 8. Bh4
Bb4 9. Bd3 Nc5 10. Bc2 Qxd1+ 11. Rxd1 Bg4 12. O-O Bxc3 13. bxc3 Bxf3 14. gxf3
g5 15. Bg3 Nfd7 16. Rb1 f6 17. h4 Nb6 18. Rb4 O-O-O 19. a4 Rd2 20. Rc1 Na6 21.
Rbb1 Rhd8 22. Kg2 Nc5 23. Rb4 Nbd7 24. a5 Nf8 25. h5 Nfe6 26. Kh3 Ng7 27. Kg4
Re2 28. Bd1 Re1 0-1

[Event "Druzynowe Mistrzostwa Polski Seniorow - II Liga"]
[Site "Szczyrk, CKiR Orle Gniazdo ul. Wrzosowa 28a "]
[Date "1899-12-30"]
[Round "1.14"]
[White "Sarwinski, Miroslaw"]
[Black "Reza, Wojciech"]
[Result "1-0"]
[WhiteTitle "IM"]
[BlackTitle "I++"]
[WhiteElo "2313"]
[BlackElo "2178"]

1. d4 Nf6 2. c4 e6 3. Nf3 b6 4. g3 Bb7 5. Bg2 Be7 6. O-O O-O 7. Nc3 Ne4 8. Qc2
Nxc3 9. Qxc3 c5 10. Rd1 d6 11. Qc2 Nc6 12. d5 exd5 13. cxd5 Nb4 14. Qd2 Qd7 15.
e4 Bf6 16. a3 Na6 17. Rb1 c4 18. Nd4 Nc5 19. Qc2 b5 20. Bf4 g6 21. Nc6 Rfe8 22.
Be3 Bxc6 23. dxc6 Qc7 24. f4 Nb3 25. Rd5 Qxc6 26. Rbd1 Be7 27. e5 Qd7 28. Bf2
Rac8 29. exd6 Bf6 30. Bh3 Qxh3 31. d7 a6 32. dxc8=Q Qxc8 33. f5 Kg7 34. Bb6 Qb8
35. Qf2 Re5 36. fxg6 Rxd5 37. Rxd5 hxg6 38. Be3 Qb7 39. Rd1 Qe7 40. Re1 Qd6 41.
Rf1 g5 42. h4 gxh4 43. gxh4 Kf8 44. Bh6+ Kg8 45. Qg2+ Kh7 46. Bg5 Bd4+ 47. Kh1
Qe6 48. h5 Nc5 49. Bd2 Bxb2 50. Be3 Nd3 51. Rg1 f5 52. Qb7+ Kh8 53. Qa8+ Kh7 54.
Qa7+ Kh8 55. Qb8+ Kh7 56. Qb7+ Kh8 57. Qb8+ Kh7 58. Qa7+ Kh8 59. Bd4+ Bxd4 60.
Qxd4+ Ne5 61. Re1 1-0

[Event "Druzynowe Mistrzostwa Polski Seniorow - II Liga"]
[Site "Szczyrk, CKiR Orle Gniazdo ul. Wrzosowa 28a "]
[Date "1899-12-30"]
[Round "1.15"]
[White "Puczylowski, Marcin"]
[Black "Morkisz, Bogdan"]
[Result "1-0"]
[WhiteTitle "I++"]
[BlackTitle "k"]
[WhiteElo "2068"]
[BlackElo "2123"]

1. e4 e6 2. d4 d5 3. Nd2 Nf6 4. e5 Nfd7 5. Bd3 c5 6. c3 Nc6 7. Ne2 cxd4 8. cxd4
f6 9. exf6 Qxf6 10. Nf3 h6 11. O-O Bd6 12. Ng3 O-O 13. Bb1 Rd8 14. Re1 Nf8 15.
Ne5 Bd7 16. Nh5 Qh4 17. Nf4 Nxe5 18. dxe5 Bc5 19. g3 Qe7 20. Nd3 Bb6 21. Qg4 Kh8
22. a4 a6 23. b3 Qf7 24. Ra2 Rac8 25. Ba3 Rc3 26. Nf4 Bc5 27. b4 Rxa3 28. Rxa3
Bxb4 29. Rf3 Kg8 30. Rc1 Ba5 31. Ng6 Nxg6 32. Rxf7 1-0

[Event "Druzynowe Mistrzostwa Polski Seniorow - II Liga"]
[Site "Szczyrk, CKiR Orle Gniazdo ul. Wrzosowa 28a "]
[Date "1899-12-30"]
[Round "1.16"]
[White "Gmaj, Krzysztof"]
[Black "Kasperek, Ryszard"]
[Result "1/2-1/2"]
[WhiteTitle "k"]
[BlackTitle "m"]
[WhiteElo "2142"]
[BlackElo "2189"]

1. e4 c5 2. Nf3 e6 3. b3 a6 4. Bb2 b5 5. a4 Bb7 6. axb5 axb5 7. Rxa8 Bxa8 8. e5
Qa5 9. Nc3 Bc6 10. Bd3 Ne7 11. O-O Ng6 12. Re1 Be7 13. g3 O-O 14. h4 f5 15. h5
Nh8 16. Bf1 Nf7 17. Qe2 Qa8 18. Bg2 b4 19. Na4 Ng5 20. Nxg5 Bxg2 21. f3 Bxg5 22.
Qxg2 f4 23. g4 Bh4 24. Re4 Nc6 25. Qe2 Qa7 26. Qc4 Be7 27. Kg2 Na5 28. Qe2 c4
29. Bd4 Qb7 30. bxc4 Nc6 31. Bc5 Bxc5 32. Nxc5 Qa7 33. Nb3 Na5 34. Nxa5 Qxa5 35.
d3 h6 36. Qd2 Qa2 37. Re2 Qb2 38. c3 Qxc3 39. Qxc3 bxc3 40. Rc2 Rb8 41. Rxc3 Rb2+
42. Kf1 Kf7 43. c5 g6 44. Kg1 gxh5 45. gxh5 Re2 46. d4 Rd2 47. Rc4 Ke7 48. Ra4
Kd8 49. Ra8+ Ke7 50. Ra4 Ke8 51. Ra8+ Ke7 52. Ra4 Ke8 53. Ra8+ 1/2-1/2

[Event "Druzynowe Mistrzostwa Polski Seniorow - II Liga"]
[Site "Szczyrk, CKiR Orle Gniazdo ul. Wrzosowa 28a "]
[Date "1899-12-30"]
[Round "1.17"]
[White "Zurkowski, Andrzej"]
[Black "Shilov, Sergej"]
[Result "1-0"]
[WhiteTitle "k"]
[BlackTitle "FM"]
[WhiteElo "2084"]
[BlackElo "2146"]

1. c4 e5 2. Nc3 Nf6 3. g3 c6 4. d4 exd4 5. Qxd4 d5 6. Bg2 Be6 7. cxd5 cxd5 8. Nf3
Nc6 9. Qa4 Bc5 10. O-O O-O 11. Qb5 Qb6 12. Qxb6 axb6 13. b3 d4 14. Na4 Rxa4 15.
bxa4 Ra8 16. Bb2 Rxa4 17. Rfd1 Bc4 18. Nxd4 Bxd4 19. Bxc6 bxc6 20. Rxd4 Kf8 21.
Rd6 Bd5 22. Bxf6 gxf6 23. Rxf6 Ke7 24. Rh6 b5 25. f3 b4 26. e4 Bxa2 27. Rxc6 b3
28. Rb6 Rc4 29. Rd1 Rc2 30. Ra6 Rb2 31. f4 1-0

[Event "Druzynowe Mistrzostwa Polski Seniorow - II Liga"]
[Site "Szczyrk, CKiR Orle Gniazdo ul. Wrzosowa 28a "]
[Date "1899-12-30"]
[Round "1.18"]
[White "Jakubiec, Edyta"]
[Black "Kasperek, Joanna"]
[Result "0-1"]
[WhiteTitle "WIM"]
[BlackTitle "k+"]
[WhiteElo "2212"]
[BlackElo "2003"]

1. Nf3 c5 2. c4 g6 3. e4 Bg7 4. d4 d6 5. Be2 Bg4 6. d5 Nd7 7. O-O Ngf6 8. Nc3 O-O
9. Qc2 Nb6 10. Nd1 h6 11. h3 Bd7 12. a4 a5 13. Be3 Qc7 14. Nc3 Rfd8 15. Qd2 Kh7
16. Nh2 e6 17. Bd3 exd5 18. exd5 Re8 19. b3 Nh5 20. Rae1 Nc8 21. g4 Nf6 22. f4
Ne7 23. Ne2 Qc8 24. Ng3 Kh8 25. Kh1 h5 26. g5 Nfxd5 27. cxd5 Nxd5 28. h4 Bc6 29.
Be4 Bc3 30. Qg2 Bxe1 31. Rxe1 Nxe3 32. Rxe3 d5 33. Qb2+ Kg8 34. Bf5 d4+ 35. Kg1
Rxe3 36. Bxc8 Rxg3+ 37. Kf1 Rxc8 38. Qc1 Rxb3 39. Kf2 b6 40. f5 Re3 0-1

[Event "Druzynowe Mistrzostwa Polski Seniorow - II Liga"]
[Site "Szczyrk, CKiR Orle Gniazdo ul. Wrzosowa 28a "]
[Date "1899-12-30"]
[Round "1.19"]
[White "Luch, Michal"]
[Black "Zajac, Mateusz"]
[Result "1-0"]
[WhiteTitle "IM"]
[BlackTitle "I++"]
[WhiteElo "2423"]
[BlackElo "2052"]

1. f4 Nf6 2. Nf3 g6 3. g3 Bg7 4. Bg2 d5 5. O-O c5 6. d3 O-O 7. c3 Nc6 8. Na3 b6
9. Bd2 Bb7 10. Qe1 d4 11. Nc2 Rc8 12. c4 Qc7 13. Bh3 Rce8 14. b4 Nd7 15. f5 gxf5
16. Bxf5 e6 17. Bh3 f5 18. Nh4 Nce5 19. Bf4 Qd8 20. bxc5 Nxc5 21. Bxe5 Bxe5 22.
Bg2 Bxg2 23. Nxg2 Re7 24. Qd2 Rg7 25. Rad1 Qd6 26. Kh1 Qc6 27. Nce1 Bc7 28. Nf3
e5 29. e3 dxe3 30. Nxe3 f4 31. gxf4 Rxf4 32. Nd5 Rfg4 33. Qf2 Rf7 34. Rg1 Rxg1+
35. Rxg1+ Kf8 36. Qg3 Qg6 37. Qh4 Qf5 38. Qh6+ Ke8 39. Qc6+ Kf8 40. Qa8+ 1-0

[Event "Druzynowe Mistrzostwa Polski Seniorow - II Liga"]
[Site "Szczyrk, CKiR Orle Gniazdo ul. Wrzosowa 28a "]
[Date "1899-12-30"]
[Round "1.20"]
[White "Bus, Konrad"]
[Black "Butkiewicz, Lukasz"]
[Result "0-1"]
[WhiteTitle "k"]
[BlackTitle "IM"]
[WhiteElo "2016"]
[BlackElo "2429"]

1. c4 g6 2. Nc3 Bg7 3. g3 f5 4. Bg2 Nf6 5. e3 O-O 6. Nge2 d6 7. O-O e5 8. d3 c6
9. b4 Be6 10. Ba3 d5 11. cxd5 Nxd5 12. b5 Rf7 13. Nxd5 Bxd5 14. e4 Be6 15. Qb1
f4 16. Nc3 f3 17. Bh1 a6 18. b6 Nd7 19. Na4 g5 20. Nc5 Nxc5 21. Bxc5 Qf6 22. Qb2
Rd8 23. Rfd1 g4 24. Rd2 Rfd7 25. Qc3 Bh6 26. Be3 Bxe3 27. fxe3 Qg5 28. Re1 h5
29. h4 gxh3 30. Kf2 Rg7 0-1

[Event "Druzynowe Mistrzostwa Polski Seniorow - II Liga"]
[Site "Szczyrk, CKiR Orle Gniazdo ul. Wrzosowa 28a "]
[Date "1899-12-30"]
[Round "1.21"]
[White "Krzyzanowski, Marcin"]
[Black "Bednarczyk, Damian"]
[Result "1-0"]
[WhiteTitle "m"]
[BlackTitle "I++"]
[WhiteElo "2347"]
[BlackElo "2073"]

1. d4 d5 2. c4 e6 3. Nc3 c6 4. e3 Nf6 5. Nf3 Nbd7 6. Qc2 Bd6 7. b3 O-O 8. Be2 Re8
9. Bb2 dxc4 10. bxc4 e5 11. Rd1 exd4 12. Nxd4 Qc7 13. h3 Ne5 14. O-O Bd7 15. Nf5
Bf8 16. Ng3 Rad8 17. Nce4 Nxe4 18. Nxe4 f5 19. Ng3 g6 20. f4 Nf7 21. e4 Qb6+ 22.
Kh1 fxe4 23. f5 Qe3 24. fxg6 hxg6 25. Rf3 Qh6 26. Nxe4 Be7 27. Bd3 Bg4 28. Rg3
Bxd1 29. Qxd1 g5 30. Rf3 Qh5 31. Ng3 Qh6 32. Nf5 Qe6 33. Ng7 Qd6 34. Nxe8 Rxe8
35. Qe2 Kf8 36. Qf1 Qe6 37. Bf5 1-0

[Event "Druzynowe Mistrzostwa Polski Seniorow - II Liga"]
[Site "Szczyrk, CKiR Orle Gniazdo ul. Wrzosowa 28a "]
[Date "1899-12-30"]
[Round "1.22"]
[White "Gora, Jan"]
[Black "Bronowicki, Mateusz"]
[Result "1-0"]
[WhiteTitle "I++"]
[BlackTitle "FM"]
[WhiteElo "2035"]
[BlackElo "2325"]

1. e4 e6 2. d4 d5 3. Nc3 Nf6 4. Bg5 Be7 5. e5 Nfd7 6. Bxe7 Qxe7 7. f4 a6 8. Nf3
c5 9. Qd2 Nc6 10. O-O-O f6 11. exf6 Nxf6 12. dxc5 Qxc5 13. Nd4 O-O 14. g3 Bd7
15. Bh3 Qd6 16. Rhe1 Rfe8 17. Nf3 Rad8 18. Ne5 Bc8 19. Ne4 Qc7 20. Ng5 h6 21.
Ngf7 Ne4 22. Rxe4 dxe4 23. Nxd8 Rxd8 24. Qc3 Rd5 25. Nxc6 bxc6 26. Re1 Rh5 27.
Bg2 Rxh2 28. Bxe4 c5 29. Rd1 Bd7 30. Bg6 Kf8 31. b4 Be8 32. Bxe8 Kxe8 33. Re1
Kf7 34. Re5 c4 35. Rc5 Qd6 36. Rxc4 Rh1+ 37. Kb2 Qd1 38. Rc7+ Ke8 39. Qc6+ 1-0

[Event "Druzynowe Mistrzostwa Polski Seniorow - II Liga"]
[Site "Szczyrk, CKiR Orle Gniazdo ul. Wrzosowa 28a "]
[Date "1899-12-30"]
[Round "1.23"]
[White "Stepien, Marcin"]
[Black "Sleczka, Bartosz"]
[Result "1-0"]
[WhiteTitle "k+"]
[BlackTitle "I"]
[WhiteElo "2150"]
[BlackElo "1924"]

1. e4 c5 2. Nf3 d6 3. c3 Nf6 4. Be2 Nc6 5. d3 g6 6. h3 Bg7 7. Be3 O-O 8. Nbd2 b6
9. d4 cxd4 10. cxd4 d5 11. e5 Ne4 12. Qc2 Nxd2 13. Qxc6 Nxf3+ 14. Bxf3 Be6 15.
Qb7 f6 16. exf6 exf6 17. Rc1 Rf7 18. Qc6 Re7 19. O-O Re8 20. Bf4 Rc8 21. Bc7 Qd7
22. Qxd7 Bxd7 23. Bxd5+ Kh8 24. Bb7 Bb5 25. Bxc8 Bxf1 26. Bd7 Re7 27. Bd6 Rxd7
28. Rc8+ Bf8 29. Rxf8+ Kg7 30. Kxf1 Rxd6 31. Ra8 a5 32. Rb8 Kh6 33. Ke2 Kg5 34.
Ke3 f5 35. g3 Re6+ 36. Kd3 f4 37. d5 Rd6 38. Ke4 fxg3 39. fxg3 Kf6 40. Rb7 h6
41. h4 h5 42. a4 g5 43. Rh7 Kg6 44. Rc7 gxh4 45. Rc6 1-0

[Event "Druzynowe Mistrzostwa Polski Seniorow - II Liga"]
[Site "Szczyrk, CKiR Orle Gniazdo ul. Wrzosowa 28a "]
[Date "1899-12-30"]
[Round "1.24"]
[White "Tracz, Marcelina"]
[Black "Zmarzly, Aleksandra"]
[Result "0-1"]
[WhiteTitle "I++"]
[BlackTitle "k+"]
[WhiteElo "1782"]
[BlackElo "1990"]

1. e4 c5 2. Nf3 d6 3. d4 cxd4 4. Nxd4 Nf6 5. Nc3 a6 6. Be2 e6 7. a4 Nc6 8. O-O
Be7 9. Be3 O-O 10. f4 Qc7 11. Qe1 Re8 12. Nb3 b6 13. Qf2 Rb8 14. h3 Nb4 15. Bd3
Nd7 16. Bd4 Bf8 17. e5 Nxd3 18. cxd3 Nc5 19. exd6 Bxd6 20. Nxc5 bxc5 21. Be5 Bb7
22. Bxd6 Qxd6 23. Ne4 Bxe4 24. dxe4 Qd4 25. Rab1 Qxe4 26. Qxc5 Rec8 27. Qa7 Qxa4
28. Ra1 Qe4 29. Kh1 Rxb2 30. Rg1 Rc3 31. Kh2 Qxf4+ 0-1